000
00187nmm a2200085Ia 4500
008
150209s2015||||xx |||||||||||||||||und||
100
_a
ANTHONY'S. SF
245
_a
HARRISON'S
942
_2
ddc
_c
CD
999
_c
6000
_d
6000